000 00873nam a22001817a 4500
999 _c57357
_d57357
005 20200601150945.0
008 200601c2019 ge ||||| |||| 00| 0 geo d
022 _a9789941257070
041 _ageo
245 _aკერძო სამართლის მიმოხილვა :
_b№ 2 2019 /
_cრედ. ბესარიონ ზოიძე, თამარ ზარანდია, მარიკა დუმბაძე და სხვ.
260 _aთბილისი :
_bთსუ ;
_c2019
300 _aV.
653 _aსამართალი
700 _aზოიძე, ბესარიონ
_eრედაქტორი
_98272
700 _aზარანდია, თამარ
_eრედაქტორი
_95936
700 _aდუმბაძე, მარიკა
_eრედაქტორი
_98273
942 _2udc
_cCR